[Event "Fide Mercenarios-A"]
[Site "Mexico City"]
[Date "1999.??.??"]
[Round "5"]
[White "Ambrosio Gallardo, Felix"]
[Black "Sorensen, Jorn"]
[Result "1/2-1/2"]
[WhiteElo "2051"]
[BlackElo "2162"]
[PlyCount "68"]
[EventDate "1999.??.??"]
[EventType "tourn"]
[EventRounds "11"]
[EventCountry "MEX"]
[SourceTitle "EXT 2001"]
[Source "ChessBase"]
[SourceDate "2000.11.22"]
[SourceVersion "1"]
[SourceVersionDate "2000.11.22"]
[SourceQuality "1"]

1. d4 e6 2. c4 Nf6 3. Nc3 Bb4 4. Qc2 Qe7 5. Nf3 c5 6. e3 Na6 7. a3 Bxc3+ 8. Qxc3 b6 9. Be2 Bb7 10. 0-0 0-0 11. b3 Ne4 12. Qc2 f5 13. Bb2 Ng5 14. Nd2 Nh3+ 15. Kh1 f4 16. e4 Ng5 17. f3 cxd4 18. Bxd4 d5 19. exd5 exd5 20. Bd3 Nc5 21. Rae1 Qd6 22. Re5 h6 23. cxd5 Nxd3 24. Qxd3 Bxd5 25. Nc4 Qc6 26. Re7 Nf7 27. Ne5 Nxe5 28. Bxe5 Rf7 29. Rxf7 Bxf7 30. Bxf4 Re8 31. h3 Qf6 32. Bc1 Qe6 33. Bf4 Qxb3 34. Qxb3 Bxb3 1/2-1/2